00760nam a2200241Ia 4500003000400000005001700004008004100021020002200062040000700084041000800091082001600099100004200115245003100157260003900188300001700227365001300244650002200257650003000279906003500309942001200344999001900356952014300375OSt20230509095857.0210423s2013 xx 000 0 und d a978-81-8398-811-7 cAL aeng a547.84 SINO aSINGH (Jagdamba);DUBEY (R C).9100286 aOrganic polymer chemistry. aNew DelhibPragati Prakashanc2013 aviii,176bPB b135cINR aChemistry9100287 aOrganic Chemistry9100288 achemistry. ; Organic ; polymer 2ddccBK c165524d165524 001040708ACaSACPGbSACPGd2014-02-11eAthulya Booksg135.00l1o547.84 SINOpPG012022r2023-05-08 00:00:00s2023-04-24w2021-04-26yBK